• 首页
  • 本馆介绍
  • 公告通知
  • 最新文献
  • 馆藏检索
  • 电子资源
  • 读者导购
  • 参考咨询
  • 我的图书馆
  • 登录
  • 详细信息显示
  • 放入我的书架
  • 预约/预借图书
  • 作者相关作品
  • 分类相关作品
  • 丛书相关作品
  • 出版社相关作品

书目信息

  • 表格格式
  • 工作单格式
  • 卡片格式
题名:
特殊情况环保法律法规
    
 
作者: 王金锋 主编
分册: 1  
出版信息: 汕头   汕头大学出版社  2018
页数: 136页
开本: 22cm
丛书名:
单 册:
中图分类: D922.684 , D922.68
科图分类:
主题词: 环境保护法--基本知识--中国
电子资源:
ISBN: 978-7-5658-2959-8
000 00885nam0 2200241 450
001 2331971856
005 20231209234008.71
010    @a978-7-5658-2959-8@dCNY29.80
100    @a20181129d2018 em y0chiy50 ea
101 0  @achi
102    @aCN@b440000
105    @ay n 000yy
200 1  @a特殊情况环保法律法规@Ate shu qing kuang huan bao fa lv fa gui@h1@f王金锋主编
210    @a汕头@c汕头大学出版社@d2018
215    @a136页@d22cm
300    @a全国“七五”普法学习读本 特殊环境保护法律法规学习读本
330    @a本书包括危险化学品安全管理条例、禁止洋垃圾入境推进固体废物进口管理制度改革实施方案、进口废塑料环境保护管理规定、限制进口类可用作原料的固体废物环境保护管理规定等内容。
606 0  @a环境保护法@x基本知识@y中国
690    @aD922.684@v5
690    @aD922.68@v4
701  0 @a王金锋@Awang jin feng@4主编
801  0 @aCN@b91MARC@c20181129
905    @aZUCC@dD922.68@e12:1
    
    特殊情况环保法律法规.1/王金锋主编.-汕头:汕头大学出版社,2018
    136页;22cm
    全国“七五”普法学习读本 特殊环境保护法律法规学习读本
    
    ISBN 978-7-5658-2959-8:CNY29.80
    本书包括危险化学品安全管理条例、禁止洋垃圾入境推进固体废物进口管理制度改革实施方案、进口废塑料环境保护管理规定、限制进口类可用作原料的固体废物环境保护管理规定等内容。
●
相关链接 在五车中查询图书 在当当中查询图书 在豆瓣中查询图书


正题名:特殊情况环保法律法规     索取号:D922.68/12:1         预约/预借

序号 登录号 条形码 馆藏地/架位号 状态 备注
1 2001035529   2001035529   315书库/四5架A面1层2列/ [索取号:D922.68/12:1] 在馆    
2 2001035530   2001035530   315书库/四5架A面1层2列/ [索取号:D922.68/12:1] 在馆    
3 2001035531   2001035531   315书库/四5架A面1层2列/ [索取号:D922.68/12:1] 在馆    
4 2001035532   2001035532   315书库/四5架A面1层2列/ [索取号:D922.68/12:1] 在馆    
5 2001035533   2001035533   315书库/四5架A面1层2列/ [索取号:D922.68/12:1] 在馆    
6 2001035534   2001035534   315书库/四5架A面1层2列/ [索取号:D922.68/12:1] 在馆    
山东省滨州职业学院图书馆 欢迎您!
大连网信软件有限公司© 版权所有